| 000 | 02596nam0a2200397 4500 | ||
|---|---|---|---|
| 001 | RU\NLR\bibl\948882 | ||
| 005 | 20260406105621.0 | ||
| 010 |
_a5-358-00053-4 _93000 |
||
| 021 |
_aRU _b2006-14488 _9712 |
||
| 035 | _a(nilc)RSL-KNO-002858805 | ||
| 035 | _a(NLR Aleph) 000936998 | ||
| 090 |
_a195735 _c195735 |
||
| 100 | _a20060407d2006 |||y0rusy50 ca | ||
| 101 | 0 | _arus | |
| 102 | _aRU | ||
| 105 | _aa ||||||||| | ||
| 106 | _ar | ||
| 200 | 1 |
_aРусский язык _e4 класс _eкн. для чтения _eдля шк. абхазо-адыг. яз. группы _fГ. Г. Городилова, Х.Х. Амшоков, С.К. Амшокова, М.Х. Шхапацева |
|
| 210 |
_aМосква _cДрофа _d2006 _eТверь _gТверской полиграфкомбинат детской литературы |
||
| 215 |
_a238, [1] с. _cил. _d23 |
||
| 225 | 1 | _aАбхазо-адыгская языковая группа | |
| 606 | 1 |
_aРусский язык _jХрестоматии для национальной школы _91533567 _3RU\NLR\auth\66969347 |
|
| 610 | 0 | _aФилологические науки. Художественная литература -- Языкознание -- Индоевропейские языки -- Славянские языки -- Восточнославянские языки -- Русский язык -- Преподавание и методика изучения языка -- Учебники и учебные пособия по родному языку для других народов -- Пособия для народов Российской Федерации -- Пособия для абхазо-адыгской языковой группы -- Хрестоматии для неполной средней и средней школы | |
| 686 |
_aШ141.2-962абх.-адыг.422 _2rubbk |
||
| 686 | _aШ141.12-93абх/адыг21[3]хрест | ||
| 701 | 1 |
_4070 _8rus _7ca _aГородилова _bГ. Г. _f1922-2013 _gГалина Георгиевна _3RU\NLR\AUTH\77102420 _985346 |
|
| 701 | 1 |
_4070 _8rus _7ca _aАмшоков _bХ. Х. _gХасанби Хажбеталович _3RU\NLR\auth\77104550 _987475 |
|
| 701 | 1 |
_4070 _8rus _7ca _aАмшокова _bС. К. _gСветлана Каншобиевна _3RU\NLR\auth\77104552 _987477 |
|
| 701 | 1 |
_aШхапацева _bМ. Х. _gМина Хаджибиевна _4070 |
|
| 801 | 0 |
_aRU _bРКП _c20060407 _grcr |
|
| 801 | 1 |
_aRU _bРГБ _c20060407 |
|
| 801 | 2 |
_aRU _bNLR _c20060515 _grcr |
|
| 830 | _aавт. по кн. | ||
| 942 | _cBOOK | ||
| 980 | _aNB | ||